[Event "Santa Barbara op"]
[Site "Santa Barbara"]
[Date "2023.03.04"]
[Round "6"]
[White "Aguilar Pina, Luis Gerardo"]
[Black "Vega Araya, Edwin"]
[Result "1-0"]
[WhiteElo "1818"]
[BlackElo "1804"]
[PlyCount "45"]
[EventDate "2023.01.28"]
[EventType "swiss"]
[EventRounds "6"]
[EventCountry "CRI"]
[SourceTitle "CBM 213 Extra"]
[Source "ChessBase"]
[SourceDate "2023.05.31"]
[SourceVersion "1"]
[SourceVersionDate "2023.05.31"]
[SourceQuality "1"]

1. e4 c5 2. Nf3 g6 3. c4 Bg7 4. d4 cxd4 5. Nxd4 Nc6 6. Be3 Nf6 7. f3 0-0 8. Qd2 d6 9. Nc3 Bd7 10. h4 h5 11. 0-0-0 a6 12. Kb1 Re8 13. Nd5 Nxd5 14. Nxc6 bxc6 15. exd5 c5 16. g4 hxg4 17. h5 Rb8 18. b3 a5 19. hxg6 fxg6 20. Bd3 Qc8 21. Qh2 Bf5 22. Qh7+ Kf7 23. Bh6 1-0

[Event "Balmaceda Segura Memorial op"]
[Site "Santa Barbara de Heredia"]
[Date "2022.06.18"]
[Round "5"]
[White "Vega Araya, Edwin"]
[Black "Brizuela Benavides, Jorge"]
[Result "1/2-1/2"]
[WhiteElo "1880"]
[BlackElo "1691"]
[PlyCount "78"]
[EventDate "2022.05.21"]
[EventType "swiss"]
[EventRounds "6"]
[EventCountry "CRI"]
[SourceTitle "EXT 2024"]
[Source "ChessBase"]
[SourceDate "2023.10.10"]
[SourceVersion "1"]
[SourceVersionDate "2023.10.10"]
[SourceQuality "1"]

1. e4 c5 2. Nc3 Nc6 3. Bb5 d6 4. Bxc6+ bxc6 5. d3 Nf6 6. f4 Qc7 7. Nf3 Bg4 8. 0-0 e6 9. Qe1 Bxf3 10. Rxf3 Be7 11. b3 0-0 12. Na4 d5 13. e5 Nd7 14. Ba3 Rae8 15. Rd1 Kh8 16. Rh3 f5 17. d4 cxd4 18. Bxe7 Rxe7 19. Rxh7+ Kxh7 20. Qh4+ Kg8 21. Qxe7 Rf7 22. Qxe6 Nf8 23. Qe8 Re7 24. Qh5 g6 25. Qg5 c5 26. Qg3 Rg7 27. Qf3 Rd7 28. c3 Ne6 29. cxd4 cxd4 30. Qf2 Qc6 31. Qd2 Rc7 32. g3 Qa6 33. Rc1 Rxc1+ 34. Qxc1 Qe2 35. Qb2 Qe3+ 36. Qf2 Qc1+ 37. Qf1 Qe3+ 38. Qf2 Qc1+ 39. Qf1 Qe3+ 1/2-1/2

[Event "San Jose Metropolitano op"]
[Site "San Jose"]
[Date "2019.12.27"]
[Round "3"]
[White "Vega Araya, Edwin"]
[Black "Hernandez Alvarez, Tania Regla"]
[Result "0-1"]
[WhiteElo "1840"]
[BlackElo "2071"]
[PlyCount "58"]
[EventDate "2019.12.26"]
[EventType "swiss"]
[EventRounds "9"]
[EventCountry "CRI"]
[SourceTitle "EXT 2021"]
[Source "ChessBase"]
[SourceDate "2020.10.23"]
[SourceVersion "1"]
[SourceVersionDate "2020.10.23"]
[SourceQuality "1"]

1. e4 d5 2. exd5 Qxd5 3. Nc3 Qd6 4. d4 Nf6 5. Nf3 c6 6. Ne5 Nbd7 7. Nc4 Qc7 8. g3 Nb6 9. Bf4 Qd8 10. Ne5 Nbd5 11. Bd2 Nb4 12. Nb5 Na6 13. Bc4 e6 14. Nc3 Qxd4 15. Qe2 Nc5 16. f3 Nce4 17. fxe4 Qxe5 18. 0-0-0 Bb4 19. Bf4 Qa5 20. Rd3 0-0 21. Rhd1 e5 22. h3 Bxh3 23. Bg5 Bg4 24. Qh2 Bxd1 25. Bxf6 gxf6 26. Rxd1 Bxc3 27. bxc3 Qxc3 28. Bd3 Rfd8 29. Qh4 Rd6 0-1

[Event "CRI-chT"]
[Site "San Jose"]
[Date "2012.07.25"]
[Round "3.2"]
[White "Vega Araya, Edwin"]
[Black "Gonzalez Quesada, Eva"]
[Result "1-0"]
[WhiteElo "2011"]
[BlackElo "1999"]
[PlyCount "109"]
[EventDate "2012.07.22"]
[EventType "team-tourn"]
[EventRounds "9"]
[EventCountry "CRI"]
[SourceTitle "EXT 2013"]
[Source "ChessBase"]
[SourceDate "2012.11.22"]
[SourceVersion "1"]
[SourceVersionDate "2012.11.22"]
[SourceQuality "1"]
[WhiteTeam "Santa Barbara"]
[BlackTeam "Costa Rica Selection (W)"]
[WhiteTeamCountry "CRI"]
[BlackTeamCountry "CRI"]

1. e4 c5 2. Nf3 d6 3. d4 cxd4 4. Nxd4 Nf6 5. Nc3 a6 6. Be2 b5 7. f3 Bb7 8. Bg5 e6 9. Qd2 Nbd7 10. 0-0 Be7 11. Be3 d5 12. exd5 Nxd5 13. Nxd5 Bxd5 14. Nf5 0-0 15. Nxe7+ Qxe7 16. Rac1 Rac8 17. b3 Rfd8 18. Rfd1 h6 19. Qa5 Bb7 20. c4 bxc4 21. Rxc4 Nf6 22. Rxd8+ Qxd8 23. Qxd8+ Rxd8 24. Rd4 Nd5 25. Bd2 Rc8 26. Rc4 Rd8 27. Kf2 Kf8 28. Ra4 Rc8 29. Rc4 Rd8 30. Ba5 Rc8 31. a3 Ke7 32. Rxc8 Bxc8 33. b4 Kd6 34. b5 axb5 35. Bxb5 Nc7 36. Bb4+ Kd5 37. Ba4 g6 38. Bb3+ Kc6 39. Bd2 h5 40. g4 hxg4 41. fxg4 Ba6 42. h4 Nd5 43. Bg5 Nc3 44. Bc2 f5 45. h5 gxh5 46. gxh5 Be2 47. Bd2 Bxh5 48. Bxc3 Be8 49. Ba4+ Kd5 50. Bxe8 e5 51. a4 e4 52. Bg6 f4 53. a5 Kc6 54. Bxe4+ Kc7 55. Be5+ 1-0

[Event "CRI-ch qual"]
[Site "San Jose"]
[Date "2005.06.13"]
[Round "3"]
[White "Vega Araya, Edwin"]
[Black "Trejos Perez, Jose Enrique"]
[Result "1-0"]
[WhiteElo "2038"]
[BlackElo "2203"]
[PlyCount "81"]
[EventDate "2005.06.??"]
[EventType "swiss"]
[EventRounds "9"]
[EventCountry "CRI"]
[SourceTitle "EXT 2006"]
[Source "ChessBase"]
[SourceDate "2005.11.24"]
[SourceVersion "1"]
[SourceVersionDate "2005.11.24"]
[SourceQuality "1"]

1. e4 c5 2. Nf3 d6 3. d4 cxd4 4. Nxd4 Nf6 5. Nc3 g6 6. f3 Bg7 7. Be3 Nc6 8. Qd2 Bd7 9. Bc4 Rc8 10. Bb3 Ne5 11. g4 Rc4 12. 0-0-0 a5 13. g5 Nh5 14. f4 Rxd4 15. Qxd4 Ng4 16. Qd2 Nxe3 17. Qxe3 b5 18. e5 dxe5 19. fxe5 Qc7 20. e6 Bc6 21. exf7+ Kf8 22. Rhe1 h6 23. Qa7 Be5 24. Nxb5 Bf4+ 25. Kb1 Qxa7 26. Nxa7 Kg7 27. gxh6+ Bxh6 28. Nxc6 a4 29. Bd5 Nf4 30. Rxe7 Kf6 31. Re8 Bf8 32. Rf1 g5 33. h4 Kg7 34. Bc4 Rxh4 35. Ne7 Rh8 36. a3 Kf6 37. Ng8+ Kg7 38. Rg1 Rh5 39. Ree1 Ng6 40. Re6 Kxf7 41. Re7# 1-0

[Event "Gibraltar Masters"]
[Site "Catalan Bay"]
[Date "2003.02.06"]
[Round "10"]
[White "Lund, Frode Ryan"]
[Black "Vega Araya, Edwin"]
[Result "1/2-1/2"]
[WhiteElo "2103"]
[BlackElo "2115"]
[PlyCount "96"]
[EventDate "2003.01.28"]
[EventType "swiss"]
[EventRounds "10"]
[EventCountry "ENG"]
[SourceTitle "CBM 092 Extra"]
[Source "ChessBase"]
[SourceDate "2003.03.07"]
[SourceVersion "1"]
[SourceVersionDate "2003.03.07"]
[SourceQuality "1"]

1. e4 e6 2. d4 d5 3. Nc3 Nf6 4. Bg5 Be7 5. e5 Nfd7 6. Bxe7 Qxe7 7. f4 a6 8. Nf3 c5 9. g3 Nc6 10. Bh3 cxd4 11. Nxd4 Qb4 12. Nb3 Nc5 13. a3 Qb6 14. Nxc5 Qxc5 15. Qd2 0-0 16. Rf1 b5 17. Ne2 a5 18. Rf2 Bd7 19. c3 b4 20. cxb4 axb4 21. Rc1 Qb6 22. axb4 Nxb4 23. Rf3 Nc6 24. Rfc3 Rfb8 25. Bf1 h6 26. Rb1 Ra2 27. Rc2 Ra4 28. Nc3 Rb4 29. Qf2 Qa5 30. Rd2 d4 31. Nd1 Ne7 32. Bd3 Bb5 33. Qe2 Nd5 34. Bxb5 R8xb5 35. Rc1 g6 36. Kf2 Qb6 37. Qd3 Nc3 38. Kg1 Nxd1 39. Rcxd1 Rd5 40. Qe2 Rb3 41. Kg2 Re3 42. Qc4 Rb3 43. Qe2 h5 44. h4 Qb4 45. Rc1 Re3 46. Qf2 Qb7 47. Kh2 Qb6 48. Rc4 Rb3 1/2-1/2

[Event "Gibraltar Masters"]
[Site "Catalan Bay"]
[Date "2003.01.31"]
[Round "4"]
[White "Ledger, Stephen C"]
[Black "Vega Araya, Edwin"]
[Result "1-0"]
[WhiteElo "2172"]
[BlackElo "2115"]
[PlyCount "79"]
[EventDate "2003.01.28"]
[EventType "swiss"]
[EventRounds "10"]
[EventCountry "ENG"]
[SourceTitle "CBM 092 Extra"]
[Source "ChessBase"]
[SourceDate "2003.03.07"]
[SourceVersion "1"]
[SourceVersionDate "2003.03.07"]
[SourceQuality "1"]

1. d4 Nf6 2. Nf3 g6 3. Bf4 Bg7 4. e3 0-0 5. h3 c5 6. c3 cxd4 7. exd4 Nc6 8. Be2 d5 9. Nbd2 Qb6 10. Qb3 Qxb3 11. axb3 Nh5 12. Bh2 f5 13. b4 f4 14. 0-0 Bd7 15. Rfe1 a6 16. Nb3 Rae8 17. Nc5 Bc8 18. b5 axb5 19. Bxb5 Bf6 20. Bxc6 bxc6 21. Ne5 Bxe5 22. Rxe5 Rf6 23. Ra7 Kf8 24. Nd3 Bf5 25. Nxf4 Nxf4 26. Bxf4 Bd3 27. Bh6+ Kf7 28. Bg5 Re6 29. f4 Rxe5 30. fxe5 h5 31. Kf2 Ke6 32. Ke3 Bf1 33. Rc7 Bxg2 34. h4 Bf1 35. Rxc6+ Kf5 36. Kf3 Bc4 37. Bxe7 Be2+ 38. Kxe2 Rxe7 39. Kf3 Rf7 40. Rf6+ 1-0